000 00968cam a22002175a 4500
001 656895
005 20250208112733.0
008 940113s1993 dcu b 000 0 eng
050 0 0 _aRC674
_b.S395 1993
082 0 0 _a610.73/691
_220
245 0 4 _aThe Scope of cardiac rehabilitation nursing practice /
_cAmerican Nurses Association, Council on Medical-Surgical Nursing Practice.
260 _aWashington, DC :
_bAmerican Nurses Pub.,
_cc1993.
300 _a32 p. ;
_c23 cm.
500 _aCover title.
500 _a"Task Force on the Scope of Cardiac Rehabilitation Nursing Practice"--Prelim. p.
650 0 _aHeart
_xDiseases
_xNursing.
650 0 _aHeart
_xDiseases
_xPatients
_xRehabilitation.
710 2 _aCouncil on Medical-Surgical Nursing Practice (American Nurses Association)
710 2 _aCouncil on Medical-Surgical Nursing Practice (American Nurses Association).
_bTask Force on the Scope of Cardiac Rehabilitation Nursing Practice.
942 _2lcc
_cBK
_n0
999 _c3656
_d3656